000
00317nam a2200121Ia 4500
008
190216s9999||||xx |||||||||||||| ||und||
100
_a
Narayanan S Hanumantha Rao Etc
245
0
_a
Text Book Of Classical And Modern Geometry
260
_b
S Chand & Co
_c
1977
300
_a
186p
650
_a
Mathematics
942
_c
BK
999
_c
30843
_d
30843